000 00930cam a2200241 a 4500
001 000002752
005 20200929150242.0
008 931119s1990 sp c b 001 p spa d
020 _a843381091X
040 _aDO-SdBNP
_cNjP
_dDLC
082 _a892.4
_bG979fzV
100 1 _aVarela Moreno, María Encarnación.
_98669
245 1 0 _aFlores de fuego, años de fuego :
_bla poesía de Jaím Guri. /
_cMaría Encarnación Varela, Ariel Schiller.
260 _aGranada, España :
_bUniversidad de Granada,
_c1990.
300 _a244 p. :
_bretrs. ;
_c22 cm.
490 1 _aLiteratura hebrea contemporánea ;
_v2
504 _aIncluye referencias bibliográficas y notas al pie de las páginas
600 1 4 _aGURI, JAÍM
_d1923-
_xCRÍTICA E INTERPRETACIÓN.
_98670
650 4 _aPoesia hebrea
_98671
650 4 _aLiteratura hebrea
_xHistoria y crítica
_98672
700 1 _aSchiller, Ariel.
_98673
910 _aCatalogación por copia / LC
999 _c2586
_d2586